00481nam a2200181Ia 4500003000400000005001700004008004100021020002200062040000700084041000800091082002000099100002100119245004900140260005300189300001500242365001200257650003000269OSt20241029131713.0210719s2020 xx 000 0 und d a978-93-5357-654-7 cAL aeng a796.345092 KRIS aKRISHNASWAMY (V) aShuttling to the top:the story of P V Sindhu aUttar PradeshbHarper & Collins Publishersc2020 axi,218bPB b399cRs aAthletic & Outdoor Sports